Statistics for Countries Closest to UAE - 30 Second Sprint

Click here to take the quiz!

General Stats

  • This quiz has been taken 67 times
  • The average score is 11 of 20

Answer Stats

kmcountrymiles% Correct
0Oman0
94%
0Saudi Arabia0
92%
66Iran41
88%
683Iraq424
88%
32Qatar20
88%
443Yemen275
83%
158Bahrain98
73%
560Kuwait348
71%
529Pakistan329
62%
1206India749
60%
1515Syria941
54%
1488Jordan925
48%
1562Turkey971
44%
627Afghanistan390
42%
1234Somalia767
31%
1515Djibouti942
27%
1108Eritrea937
23%
1540Azerbaijan957
21%
1516Sudan942
17%
1165Turkmenistan724
12%

Score Distribution

Percentile by Number Answered

Percent of People with Each Score

Your Score History

You have not taken this quiz